00540nam a22001692 4500001001100000005001700011008004100028040001500069100002900084245010400113250001300217260003600230300001100266650005200277650003800329852000300367000000971320151217155842.0081119s xx 000 0 eng d aKABUcKABU1 aWarren, Max.@000015685210aProblems and promises in Africa today :bthe Lichfield lectures in divinity for 1963 /cMax Warren. a1st ed. aLondon :bCox and Wyman,c1964. a63 p. 0aChurch and social problemszAfrica.@0000161467 0aUrbanizationzAfrica.@00001571191